Biblioteca

Y después del fin ¿qué? : (Registro nro. 42370)

Detalles MARC
000 -LÍDER
Campo fijo de descripción fija 01257cam a2200313 i 4500
001 - NÚMERO DE CONTROL
Campo de control 768714001
003 - IDENTIFICADOR DEL NÚMERO DE CONTROL
Campo de control CO-MdFUSB
005 - FECHA Y HORA DE LA ULTIMA TRANSACCIÓN
control field 20241205115703.0
007 - CAMPO FIJO DE DESCRIPCIÓN FIJA--INFORMACIÓN GENERAL
Campo fijo de descripción fija ta
008 - ELEMENTOS DE LONGITUD FIJA -- INFORMACIÓN GENERAL
Campo fijo de descripción fija -- Información general 241204t2003 -sp||||| |||| 00| 0 spa d
020 ## - NÚMERO INTERNACIONAL NORMALIZADO PARA LIBROS
Número Internacional Normalizado del libro 84-330-1774-8,
040 ## - FUENTE DE CATALOGACIÓN
Agencia que realiza la transcripción CO-MdFUSB
041 ## - CÓDIGO DE IDIOMA
Código de idioma para texto/pista de sonido o título separado spa
082 04 - NÚMERO DE CLASIFICACIÓN DECIMAL DEWEY
Número de la edición del Dewey 23
Número de clasificación 236.9
Clave de autor-Numero de item K269d
100 1# - ASIENTO PRINCIPAL--NOMBRE PERSONAL
Nombre personal Kehl, Medard
Término relacionador autor
240 ## - TITULO UNIFORME
Título uniforme <a href="Und was kommt nach dem Ende?">Und was kommt nach dem Ende?</a>
245 10 - TÍTULO
Título del Material Y después del fin ¿qué? :
Parte restante del título - Subtitulo del fin del mundo, la consumación, la reencarnación y la resurrección
Mención de responsabilidad, etc. / Kehl, Medard
264 #1 - PRODUCCIÓN, PUBLICACIÓN, DISTRIBUCIÓN, MANUFACTURA, Y COPYRIGHT
Lugar de producción, publicación, distribución, manufactura Bilbao :
Nombre del productor, publicador, distribuidor Desclée de Brouwer,
Fecha de producción, publicación, distribución, manufactura, o copyright [2003]
264 #4 - PRODUCCIÓN, PUBLICACIÓN, DISTRIBUCIÓN, MANUFACTURA, Y COPYRIGHT
Fecha de producción, publicación, distribución, manufactura, o copyright ©2003
300 ## - DESCRIPCIÓN FÍSICA
Extensión 206 páginas
336 ## - TIPO DE CONTENIDO
Término de tipo de contenido texto
Código de tipo de contenido txt
Fuente rdacontent
337 ## - TIPO DE MEDIO
Fuente rdamedia
Nombre del tipo de medio sin mediación
Código del tipo de medio n
338 ## - TIPO DE SOPORTE
Fuente rdacarrier
Nombre del tipo de soporte volumen
Código Tipo de soporte nc
505 ## - NOTA DE CONTENIDO
Nota de contenido con formato preestablecido ¿Cuál es el estado actual de la fe cristiana en las "últimas cosas" - La interpretación cristiana de las visiones apocalípticas del principio el fin del mundo - El retorno de Jesús "El día del juicio" - La "resurrección de los muertos" ¿Qué es del cuerpo? - El "purgatorio": ¿infierno "por un plazo" o ser transformados por el amor purificador de Dios? - El cielo...
563 ## - NOTA DE ENCUADERNACIÓN
Nota de encuadernación Rustico
653 ## - TÉRMINO DE INDIZACIÓN - NO CONTROLADO
Término no controlado Escatología
942 ## - TIPO DE MATERIAL (KOHA)
Tipo de Item KOHA Libros General
945 ## - INFORMACIÓN LOCAL DEL REGISTRO
Catalogador Miguel
Existencias
Estado de Material Estado de Perdido Estado de Dañado No para Préstamo Colección Tomo Biblioteca de Origen Biblioteca Permanente Fecha de Adquisición Total de Préstamos Total de Renovaciones Signatura Topográfica Código de Barras Última vez visto Última vez Préstado Ejemplar/Existencia Fecha de Remplazo Tipo de Material
        Colección General   Biblioteca FUSBC Biblioteca FUSBC 28/07/2009 1 1 G 236.9 K269d 17046 22/10/2022 04/10/2022 1 26/01/2016 Libros General

Biblioteca FUSBC | Teléfono: (57+4) 349 88 10 Ext. 141| WhatsApp (+57) 3005338115 
E-mail: biblioteca@unisbc.edu.co | Calle 76 87-14 Robledo Palenque, Medellín, Colombia

Con tecnología Koha